| 000 | 00341nam a2200133Ia 4500 | ||
|---|---|---|---|
| 008 | 240624s9999 xx 000 0 und d | ||
| 041 | _aeng | ||
| 082 | _a341.05 MUK | ||
| 100 | _aCHANDRA BIPAN | ||
| 245 | _aINDIA S STRUGGLE FOR INDEPENDENCE | ||
| 260 |
_c1989 _aNew Delhi _bPenguin Books |
||
| 300 | _a600 : p. : cm. ; 21 | ||
| 365 |
_cRS _b30 |
||
| 999 |
_c12523 _d12523 |
||